Statistics for Football grounds - level 1 - easy

Click here to take the quiz!

General Stats

  • This quiz has been taken 45 times
  • The average score is 13 of 15

Answer Stats

StadiumClub% Correct
Old TraffordManchester United
100%
Stamford BridgeChelsea
97%
AnfieldLiverpool
97%
Wembley (2017-18 season)Tottenham Hotspur
97%
Santiago BernabéuReal Madrid
95%
Johan Cruyff ArenaAjax Amsterdam
92%
Goodison ParkEverton
92%
Camp NouFC Barcelona
92%
St James ParkNewcastle United (also Exeter City)
92%
San SiroAC Milan & Internazionale
87%
King Power StadiumLeicester City
84%
Parc des PrincesParis Saint-Germain
82%
Allianz ArenaFC Bayern Munich
79%
IbroxRangers
79%
Easter RoadHibernian
42%

Score Distribution

Percentile by Number Answered

Percent of People with Each Score

Your Score History

You have not taken this quiz